Северная энциклопедия

Detalles Bibliográficos
Outros autores: Акбальян Е. Р. (составитель)
Summary:"Северная энциклопедия" - первый в истории книгоиздания универсальный свод информации, посвященный Северу России и соседям по арктическому региону. Более 4500 статей содержат материалы и сведения о северных территориях, природе, географических объектах, ресурсах, отраслях экономики Российского Севера, о населяющих его народах, в частности коренных малочисленных этносах, о многовековой истории и богатейшей культуре региона, его выдающихся людях. В книге около 500 черно-белых иллюстраций, а так же три блока цветных: география (карты и картографические материалы), природа, одежда коренных народов Севера. "Северная энциклопедия" выходит на русском и английском языках, в комплекте с электронной версией на компакт-диске, дополняющем книгу 2000 иллюстраций - фотографий, репродукций, рисунков, карт и т.п., а также звуковыми образцами этнической музыки северных народов.
Idioma:ruso
Publicado: Москва, Европейские издания, 2004
Subjects:
Formato: Mixed Materials
KOHA link:https://koha.lib.tpu.ru/cgi-bin/koha/opac-detail.pl?biblionumber=168187

MARC

LEADER 00000nmm0a2200000 4500
001 168187
005 20231101222736.0
010 |a 5987970016 
035 |a (RuTPU)RU\TPU\book\182474 
090 |a 168187 
100 |a 20091026d2004 km y0rusy50 ca 
101 0 |a rus 
102 |a RU 
105 |a a f 000zy 
200 1 |a Северная энциклопедия  |f сост. Е. Р. Акбальян 
210 |a Москва  |c Европейские издания  |d 2004 
215 |a 1024 с.  |c ил.  |e CD-ROM 
330 |a "Северная энциклопедия" - первый в истории книгоиздания универсальный свод информации, посвященный Северу России и соседям по арктическому региону. Более 4500 статей содержат материалы и сведения о северных территориях, природе, географических объектах, ресурсах, отраслях экономики Российского Севера, о населяющих его народах, в частности коренных малочисленных этносах, о многовековой истории и богатейшей культуре региона, его выдающихся людях. В книге около 500 черно-белых иллюстраций, а так же три блока цветных: география (карты и картографические материалы), природа, одежда коренных народов Севера. "Северная энциклопедия" выходит на русском и английском языках, в комплекте с электронной версией на компакт-диске, дополняющем книгу 2000 иллюстраций - фотографий, репродукций, рисунков, карт и т.п., а также звуковыми образцами этнической музыки северных народов. 
606 1 |a Российская Федерация  |x География  |2 stltpush  |3 (RuTPU)RU\TPU\subj\68812 
606 1 |a Краеведение  |2 stltpush  |3 (RuTPU)RU\TPU\subj\16068  |9 42256 
606 1 |a Энциклопедии  |2 stltpush  |3 (RuTPU)RU\TPU\subj\21381  |9 46387 
610 1 |a Север 
610 1 |a Российская Федерация 
610 1 |a северные территории 
610 1 |a природа 
610 1 |a природные ресурсы 
610 1 |a экономическая география 
610 1 |a население 
610 1 |a народы Севера 
610 1 |a этносы 
610 1 |a этнография 
610 1 |a история 
610 1 |a малочисленные народы 
610 1 |a культура 
610 1 |a персоналии 
610 1 |a энциклопедии 
675 |a 91(47+57)(031)  |v 3 
675 |a 908(031)  |v 3 
686 |a Я20  |v LBC/SL-A  |2 rubbk 
702 1 |a Акбальян  |b Е. Р.  |4 220 
801 1 |a RU  |b 63413507  |c 20091026 
801 2 |a RU  |b 63413507  |c 20140926  |g RCR 
942 |c MX